[Event "Druzynowe Mistrzostwa Polski - II liga"]
[Site "Dom Wczasowy VIS Jastrzebia Gora"]
[Date "1899-12-30"]
[Round "9.3"]
[White "Skomial, Mateusz"]
[Black "Kukula, Pawel"]
[Result "0-1"]
[WhiteTitle "I++"]
[BlackTitle "m"]
[WhiteElo "2090"]
[BlackElo "2133"]

1. e4 c5 2. Nf3 Nc6 3. c4 e5 4. Nc3 d6 5. d3 Nf6 6. Nd5 Nxd5 7. cxd5 Nb8 8. Be2
Be7 9. b4 b6 10. bxc5 bxc5 11. O-O O-O 12. Nd2 Nd7 13. Nc4 Nb6 14. Rb1 Nxc4 15.
dxc4 Bg5 16. Qa4 Bxc1 17. Rfxc1 Qg5 18. Qc6 Bh3 19. Bf1 Rad8 20. Rc3 Bc8 21. Qa4
f5 22. Rg3 Qe7 23. exf5 Bxf5 24. Re1 Rb8 25. Ra3 Rf7 26. Rb3 Rbf8 27. Rb2 h6 28.
Qc6 Qf6 29. Re3 e4 30. Rd2 Rb8 31. Rb3 Rxb3 32. axb3 Bd7 33. Qa8+ Rf8 34. Qxa7
e3 35. Rc2 exf2+ 36. Kh1 Bh3 37. Rc1 Re8 38. Qa5 Qf4 39. Rd1 Bg4 40. Qd2 Qe4 0-1

[Event "Druzynowe Mistrzostwa Polski - II liga"]
[Site "Dom Wczasowy VIS Jastrzebia Gora"]
[Date "1899-12-30"]
[Round "9.4"]
[White "Raczek, Krzysztof"]
[Black "Kulesza, Andrzej"]
[Result "1/2-1/2"]
[WhiteTitle "k"]
[BlackTitle "I++"]
[WhiteElo "2113"]
[BlackElo "2014"]

1. Nf3 Nf6 2. b3 b6 3. Bb2 Bb7 4. c4 e6 5. Nc3 Be7 6. e3 O-O 7. Be2 d6 8. Qc2 Nbd7
9. Rg1 d5 10. g4 Ne4 11. cxd5 exd5 12. Nd4 Bf6 13. Nf5 g6 14. Nh6+ Kh8 15. g5
Bg7 16. Nxe4 dxe4 17. Bxg7+ Kxg7 18. Qc3+ f6 19. Ng4 h5 20. Nxf6 Nxf6 21. Rc1
c5 22. Qe5 Kh7 23. gxf6 Qxf6 24. Qxf6 Rxf6 25. b4 Raf8 26. bxc5 Rxf2 27. cxb6
axb6 28. Rc7+ R2f7 29. Rxf7+ Rxf7 30. Rg5 Rc7 31. Rb5 Rc1+ 32. Kf2 Rc6 33. Re5
Rf6+ 34. Ke1 Kh6 35. Re7 Bd5 36. a3 g5 37. Re5 Bc6 38. Bd1 Bb7 39. Be2 g4 40.
Re7 Bc6 41. Re5 Kg6 42. Bd1 Rf5 43. Re6+ Rf6 44. Re5 Rf5 45. Re6+ Rf6 46. Re5
Rf5 47. Re6+ 1/2-1/2

[Event "Druzynowe Mistrzostwa Polski - II liga"]
[Site "Dom Wczasowy VIS Jastrzebia Gora"]
[Date "1899-12-30"]
[Round "9.5"]
[White "Marciniak, Leonard"]
[Black "Ratajczak, Hubert"]
[Result "1-0"]
[WhiteTitle "I+"]
[BlackTitle "I"]
[WhiteElo "1811"]
[BlackElo "2056"]

1. d4 Nf6 2. Bf4 g6 3. Nc3 d5 4. e3 c6 5. h4 Bg7 6. Be2 h5 7. Nf3 Nbd7 8. Ne5 Nxe5
9. Bxe5 Kf8 10. f3 Nd7 11. Bxg7+ Kxg7 12. Qd2 e5 13. O-O-O b5 14. e4 b4 15. Na4
Qa5 16. b3 Nb6 17. a3 Nxa4 18. axb4 Qb6 19. bxa4 a5 20. b5 Bd7 21. dxe5 Qc5 22.
Qd4 Qa3+ 23. Kd2 Be6 24. Ra1 Qe7 25. exd5 Bxd5 26. Bd3 Rhd8 27. Qf4 Qc5 28. Qe3
Qb4+ 29. Ke2 Bc4 30. Kf2 Bxd3 31. cxd3 cxb5 32. axb5 Qxb5 33. Rhd1 a4 34. Rd2
a3 35. d4 Qb4 36. Raa2 Ra6 37. Kg3 Rd5 38. Rd3 Rda5 39. Qd2 Qe7 40. Qe3 Ra4 41.
f4 Qe6 42. Qe2 Qd5 43. Qd2 Qe6 44. Kh2 Qd5 45. Qf2 Qe4 46. Qd2 Qd5 47. g3 Qe4
48. d5 g5 49. Re3 Qf5 50. fxg5 Rc4 51. Qd3 Qg4 52. d6 Rac6 53. Qe2 Qf5 54. Rd3
Rc1 55. d7 Rh1+ 56. Kxh1 Qh3+ 57. Kg1 Rc1+ 58. Kf2 Qh2+ 59. Ke3 Qxg3+ 60. Kd2
Qf4+ 61. Re3 Rf1 1-0

[Event "Druzynowe Mistrzostwa Polski - II liga"]
[Site "Dom Wczasowy VIS Jastrzebia Gora"]
[Date "1899-12-30"]
[Round "9.6"]
[White "Majdan, Joanna"]
[Black "Budkiewicz, Magdalena"]
[Result "1-0"]
[WhiteTitle "WGM"]
[BlackTitle "k+"]
[WhiteElo "2307"]
[BlackElo "1786"]

1. e4 e5 2. Nf3 Nc6 3. Nc3 Nf6 4. Bb5 Bc5 5. O-O d6 6. h3 O-O 7. d3 a6 8. Bxc6
bxc6 9. Ne2 h6 10. Ng3 Re8 11. c3 Bb6 12. Be3 d5 13. Qc2 Bd7 14. Rfe1 dxe4 15.
dxe4 Qe7 16. c4 Bxe3 17. Rxe3 c5 18. Ra3 a5 19. Qc3 a4 20. b3 axb3 21. Rxa8 Rxa8
22. axb3 Bc6 23. Nxe5 Qe6 24. Nxc6 Rxa1+ 25. Qxa1 Qxc6 26. Qe5 Qd6 27. Qf5 Nd7
28. Qg4 Ne5 29. Qc8+ Kh7 30. Nf5 Qd2 31. Ne3 Qe1+ 32. Nf1 Qxe4 33. Qxc7 Qd4 34.
Qe7 f5 35. Ne3 f4 36. Nf5 Qa1+ 37. Kh2 Nd3 38. Qe2 Qb1 39. Ne7 Nc1 40. Qe5 Nxb3
41. Qd5 1-0

[Event "Druzynowe Mistrzostwa Polski - II liga"]
[Site "Dom Wczasowy VIS Jastrzebia Gora"]
[Date "1899-12-30"]
[Round "9.10"]
[White "Janaszak, Dawid"]
[Black "Madej, Marek"]
[Result "1/2-1/2"]
[WhiteTitle "FM"]
[BlackTitle "I++"]
[WhiteElo "2331"]
[BlackElo "2035"]

1. d4 Nf6 2. Bf4 g6 3. Nf3 Bg7 4. c3 d6 5. Nbd2 O-O 6. h3 Nbd7 7. e4 e5 8. dxe5
dxe5 9. Be3 b6 10. Qa4 a5 11. Bb5 Qe7 12. O-O Nc5 13. Qa3 Bb7 14. Rfe1 Rfd8 15.
Bxc5 bxc5 16. Qa4 Nh5 17. Bc6 Rab8 18. Bxb7 Rxb7 19. Nc4 Nf4 20. Rad1 Rbb8 21.
Rxd8+ Rxd8 22. Qxa5 Rf8 23. Qa6 h5 24. a4 Kh7 25. Qc6 f5 26. h4 Kh6 27. a5 Rf6
28. Qb7 Nd3 29. Rd1 Nxf2 30. Kxf2 fxe4 31. Qxe4 Rf4 32. Qe3 Kh7 33. b3 Qxh4+ 34.
g3 Qh2+ 35. Ke1 Qxg3+ 36. Qf2 Qxf3 37. Qxf3 Rxf3 38. a6 Rf8 39. Rd7 Ra8 40. Rxc7
Rxa6 41. Rxc5 e4 42. Nd2 Ra1+ 43. Ke2 Ra2 44. Ke1 e3 45. Ne4 Kh6 46. Rd5 h4 47.
Rd3 e2 48. c4 Bf8 49. c5 Rc2 50. Re3 Bxc5 51. Rxe2 Bb4+ 52. Kf2 Rc1 53. Kg2 g5
54. Kh3 Rb1 55. Kg4 Rg1+ 56. Kf5 g4 57. Nf2 g3 58. Nh3 Rd1 59. Re4 Rf1+ 60. Kg4
Be1 61. Re2 Bf2 62. Nf4 Rd1 63. Re6+ Kg7 64. Kf5 Rd4 65. Re7+ Kf8 66. Ng6+ Kg8
67. Re8+ Kg7 68. Re7+ Kh6 69. Nf8 1/2-1/2

[Event "Druzynowe Mistrzostwa Polski - II liga"]
[Site "Dom Wczasowy VIS Jastrzebia Gora"]
[Date "1899-12-30"]
[Round "9.11"]
[White "Topola, Rafal"]
[Black "Szyszylo, Rafal"]
[Result "1/2-1/2"]
[WhiteTitle "I"]
[BlackTitle "k"]
[WhiteElo "2006"]
[BlackElo "2090"]

1. Nf3 g6 2. g3 Bg7 3. d4 Nf6 4. Bg2 O-O 5. O-O d6 6. b3 Nc6 7. Bb2 a6 8. c4 Rb8
9. Nbd2 e5 10. dxe5 Ng4 11. Qc2 Ngxe5 12. Nxe5 dxe5 13. Bxc6 bxc6 14. Nf3 Qe7
15. Qc3 Re8 16. Rad1 Bg4 17. Rfe1 f6 18. Qa5 Bf8 19. Nd2 Qc5 20. Bc3 Qxa5 21.
Bxa5 Rbc8 22. Ne4 Kf7 23. Rd2 Bf5 24. f3 Bxe4 25. fxe4 Bc5+ 26. Kg2 Red8 27. Red1
Rxd2 28. Rxd2 Ke6 29. Kf3 Bd6 30. Rd1 Bc5 31. h3 1/2-1/2

[Event "Druzynowe Mistrzostwa Polski - II liga"]
[Site "Dom Wczasowy VIS Jastrzebia Gora"]
[Date "1899-12-30"]
[Round "9.12"]
[White "Czerwinska, Milena"]
[Black "Smietanska, Wiktoria"]
[Result "0-1"]
[WhiteTitle "WFM"]
[BlackTitle "CM"]
[WhiteElo "1972"]
[BlackElo "1851"]

1. e4 c5 2. Nf3 d6 3. d4 cxd4 4. Nxd4 Nf6 5. Nc3 a6 6. Be3 e5 7. Nb3 Be6 8. f3
Nbd7 9. Qd2 b5 10. g4 Be7 11. O-O-O b4 12. Nd5 Bxd5 13. exd5 Nb6 14. Bxb6 Qxb6
15. Kb1 a5 16. Qe2 O-O 17. f4 Nd7 18. Nd4 Rfe8 19. fxe5 Nxe5 20. Nf5 Bf6 21. h4
g6 22. g5 Bh8 23. Nh6+ Kf8 24. Ng4 Nxg4 25. Qxg4 a4 26. Rh3 a3 27. b3 Re3 28.
Qf4 Rxh3 29. Bxh3 Qc5 30. Qc4 Qe3 31. Bd7 Qe5 32. c3 Qh2 0-1

[Event "Druzynowe Mistrzostwa Polski - II liga"]
[Site "Dom Wczasowy VIS Jastrzebia Gora"]
[Date "1899-12-30"]
[Round "9.13"]
[White "Lubczynski, Rafal"]
[Black "Sapis, Witalis"]
[Result "1/2-1/2"]
[WhiteTitle "IM"]
[BlackTitle "IM"]
[WhiteElo "2413"]
[BlackElo "2378"]

1. Nf3 d5 2. c4 c6 3. b3 Nf6 4. Bb2 Bg4 5. d3 e6 6. Nbd2 Nbd7 7. g3 Be7 8. Bg2
O-O 9. O-O a5 10. a3 b5 11. cxb5 cxb5 12. Rc1 Rc8 13. Rxc8 1/2-1/2

[Event "Druzynowe Mistrzostwa Polski - II liga"]
[Site "Dom Wczasowy VIS Jastrzebia Gora"]
[Date "1899-12-30"]
[Round "9.14"]
[White "Karwowski, Kacper"]
[Black "Kuegel, Tobias"]
[Result "1/2-1/2"]
[WhiteTitle "CM"]
[BlackTitle "FM"]
[WhiteElo "2216"]
[BlackElo "2297"]

1. e4 e5 2. Nf3 Nc6 3. d4 exd4 4. Nxd4 Nf6 5. Nc3 Bb4 6. Nxc6 bxc6 7. Bd3 d5 8.
exd5 O-O 9. O-O Bg4 10. f3 Bh5 11. dxc6 Qd4+ 12. Kh1 Bxc3 13. bxc3 1/2-1/2

[Event "Druzynowe Mistrzostwa Polski - II liga"]
[Site "Dom Wczasowy VIS Jastrzebia Gora"]
[Date "1899-12-30"]
[Round "9.15"]
[White "Dubinski, Mateusz"]
[Black "Rudnicki, Milosz"]
[Result "1-0"]
[WhiteTitle "FM"]
[BlackTitle "k"]
[WhiteElo "2250"]
[BlackElo "2200"]

1. d4 d5 2. Nf3 Nf6 3. c4 c6 4. g3 Bf5 5. Nc3 e6 6. Qb3 Qb6 7. c5 Qxb3 8. axb3
Na6 9. Ra4 Bc2 10. Bg2 Bxb3 11. Ra3 Bc2 12. O-O Be7 13. Bf4 Ne4 14. Rfa1 f6 15.
Ne1 Nxc3 16. bxc3 Bf5 17. Bf1 e5 18. Bd2 Rd8 19. e3 Nxc5 20. dxc5 Bxc5 21. Rxa7
Bxa7 22. Rxa7 Rd7 23. Ra8+ Rd8 24. Ra7 Rd7 25. Nd3 Bxd3 26. Bxd3 Ke7 27. Bf5 Rc7
28. c4 Kd6 29. Ba5 Re7 30. Bb6 dxc4 31. Ra1 e4 32. Rd1+ Ke5 33. g4 Rc7 34. Ba5
b6 1-0

[Event "Druzynowe Mistrzostwa Polski - II liga"]
[Site "Dom Wczasowy VIS Jastrzebia Gora"]
[Date "1899-12-30"]
[Round "9.16"]
[White "Mazurkiewicz, Michal"]
[Black "Gosciniak, Tomasz"]
[Result "0-1"]
[WhiteTitle "CM"]
[BlackTitle "I"]
[WhiteElo "2159"]
[BlackElo "1936"]

1. e4 d5 2. exd5 Nf6 3. Nf3 Bg4 4. Bb5+ Nbd7 5. h3 Bh5 6. Nc3 a6 7. Be2 Nb6 8.
d4 Nbxd5 9. Nxd5 Nxd5 10. c4 Nf6 11. O-O e6 12. Qb3 Qc8 13. d5 exd5 14. cxd5 Bc5
15. Bg5 Nd7 16. Nd2 Bxe2 17. Rfe1 O-O 18. Rxe2 Re8 19. Rae1 Rxe2 20. Rxe2 Nb6
21. Ne4 Bf8 22. d6 Nd7 23. Rc2 Qe8 24. dxc7 b6 25. Qd5 Rc8 26. Bf4 Nc5 27. Nxc5
Bxc5 28. Rd2 h6 29. Qf5 Rxc7 30. Qg4 Rc6 31. Re2 Qd8 32. Rd2 Qf6 33. Re2 Bd4 34.
Qd7 Kh7 35. Kh1 Rc5 36. Bg3 Rf5 37. Kg1 g6 38. Rd2 Bxb2 39. Rd6 Qc3 40. Rxb6 Qe1+
41. Kh2 Be5 42. Qd3 Rxf2 43. Rb1 Qa5 44. a4 Qc7 45. Bxe5 Qxe5+ 46. Qg3 Qxg3+ 47.
Kxg3 Ra2 48. Rb4 Kg7 49. Rc4 Ra3+ 50. Kf4 a5 51. Ke5 Rg3 52. Rc2 g5 53. Ra2 Kg6
54. Kd5 h5 55. Kc5 Rb3 56. Rd2 Rb4 57. Ra2 h4 58. Kd5 g4 59. hxg4 Rxg4 60. Ke5
f6+ 61. Kd5 Kg5 62. Ke6 f5 63. Kf7 Re4 64. Kg7 Kg4 65. Kf6 f4 66. Kg6 h3 67. gxh3+
Kxh3 68. Rc2 f3 69. Kf5 Rxa4 0-1

[Event "Druzynowe Mistrzostwa Polski - II liga"]
[Site "Dom Wczasowy VIS Jastrzebia Gora"]
[Date "1899-12-30"]
[Round "9.17"]
[White "Gosciniak, Maria"]
[Black "Krupa, Monika"]
[Result "0-1"]
[WhiteTitle "WFM"]
[BlackTitle "WGM"]
[WhiteElo "2094"]
[BlackElo "2140"]

1. e4 c5 2. c4 Nc6 3. Ne2 Nf6 4. Nbc3 e6 5. d4 d5 6. cxd5 exd5 7. e5 Ng4 8. h3
cxd4 9. Nxd4 Nxf2 10. Kxf2 Bc5 11. Bb5 Qh4+ 12. g3 Qxd4+ 13. Qxd4 Bxd4+ 14. Be3
Bxe3+ 15. Kxe3 d4+ 0-1

[Event "Druzynowe Mistrzostwa Polski - II liga"]
[Site "Dom Wczasowy VIS Jastrzebia Gora"]
[Date "1899-12-30"]
[Round "9.18"]
[White "Fiedorek, Michal"]
[Black "Zebracki, Tomasz"]
[Result "1/2-1/2"]
[WhiteTitle "FM"]
[BlackTitle "k+"]
[WhiteElo "2257"]
[BlackElo "2209"]

1. e4 c6 2. d4 d5 3. exd5 cxd5 4. Nf3 Nc6 5. Bb5 Qa5+ 6. Nc3 Bg4 7. Bd2 Rc8 8.
h3 Bxf3 9. Qxf3 e6 10. O-O Nf6 11. Rfe1 Be7 12. Qg3 O-O 13. Rad1 Rfd8 14. a3 Qc7
15. Qxc7 Rxc7 16. Bf4 Rcc8 17. Ne2 Na5 18. Bd3 Nc4 19. Rb1 Na5 20. Rbd1 Nc4 21.
Rb1 1/2-1/2

[Event "Druzynowe Mistrzostwa Polski - II liga"]
[Site "Dom Wczasowy VIS Jastrzebia Gora"]
[Date "1899-12-30"]
[Round "9.19"]
[White "Borgula, Rafal"]
[Black "Karpus, Michal"]
[Result "0-1"]
[WhiteTitle "FM"]
[BlackTitle "FM"]
[WhiteElo "2201"]
[BlackElo "2207"]

1. e4 e5 2. Nf3 Nc6 3. Bb5 a6 4. Ba4 Nf6 5. O-O Be7 6. d3 b5 7. Bb3 d6 8. a4 Bd7
9. c3 O-O 10. Re1 h6 11. Nbd2 Re8 12. Nf1 Bf8 13. Ne3 Na5 14. Bc2 c5 15. Bd2 Nc6
16. axb5 axb5 17. Rxa8 Qxa8 18. Qb1 Be6 19. h3 d5 20. exd5 Nxd5 21. Ng4 Bd6 22.
Qc1 Qc8 23. Qb1 Qa8 24. Qc1 Qc8 0-1

[Event "Druzynowe Mistrzostwa Polski - II liga"]
[Site "Dom Wczasowy VIS Jastrzebia Gora"]
[Date "1899-12-30"]
[Round "9.20"]
[White "Krainski, Aleksander"]
[Black "Paprocki, Jaroslaw"]
[Result "1-0"]
[WhiteTitle "FM"]
[BlackTitle "k++"]
[WhiteElo "2062"]
[BlackElo "2170"]

1. d4 Nf6 2. Nf3 e6 3. e3 b6 4. Be2 Bb7 5. O-O g6 6. c4 Bg7 7. Nc3 O-O 8. b4 d6
9. Bb2 c5 10. a3 Nbd7 11. Qb3 Qe7 12. Rad1 Rfb8 13. d5 cxb4 14. axb4 e5 15. Nd2
a5 16. bxa5 Nc5 17. Qc2 bxa5 18. Ba3 Rc8 19. Bb2 Rcb8 20. Ba3 Rc8 1-0

[Event "Druzynowe Mistrzostwa Polski - II liga"]
[Site "Dom Wczasowy VIS Jastrzebia Gora"]
[Date "1899-12-30"]
[Round "9.22"]
[White "Karbowiak, Adam"]
[Black "Wolanski, Michal"]
[Result "0-1"]
[WhiteTitle "k+"]
[BlackTitle "I++"]
[WhiteElo "2051"]
[BlackElo "1918"]

1. Nf3 c5 2. g3 d5 3. Bg2 Nf6 4. O-O e6 5. d4 cxd4 6. Nxd4 e5 7. Nf3 Nc6 8. c4
d4 9. e3 Be7 10. exd4 exd4 11. b3 O-O 12. Bb2 Bc5 13. Nbd2 Bg4 14. a3 a5 15. Qc2
Re8 16. Rfe1 Qd7 17. Rxe8+ Rxe8 18. Re1 Rxe1+ 19. Nxe1 Qe7 20. Qc1 Ne5 21. Ndf3
Bxf3 22. Bxf3 Nxf3+ 23. Nxf3 Qe4 24. Qd1 d3 25. Ne1 Bxf2+ 26. Kxf2 Ng4+ 27. Kg1
Qe3+ 28. Kg2 Qf2+ 29. Kh3 h5 30. Nf3 Qxb2 31. Kh4 Nf2 32. Qe1 Qf6+ 33. Ng5 Qd4+
0-1

[Event "Druzynowe Mistrzostwa Polski - II liga"]
[Site "Dom Wczasowy VIS Jastrzebia Gora"]
[Date "1899-12-30"]
[Round "9.23"]
[White "Paprocka, Renata"]
[Black "Goraj, Barbara"]
[Result "0-1"]
[WhiteTitle "WFM"]
[BlackTitle "WCM"]
[WhiteElo "1869"]
[BlackElo "2121"]

1. d4 Nf6 2. Nf3 g6 3. c4 Bg7 4. Nc3 d6 5. e4 O-O 6. Be2 Nbd7 7. O-O e5 8. Be3
Qe7 9. dxe5 Nxe5 10. Nxe5 Qxe5 11. Bd4 Qe7 12. Nd5 Nxd5 13. Bxg7 Kxg7 14. cxd5
Qxe4 15. Bf3 Qe5 16. Qc1 Re8 17. Qxc7 Re7 18. Qa5 Qxb2 19. Rab1 Qf6 20. Qd8 b6
21. Rbe1 Rxe1 22. Qxf6+ Kxf6 23. Rxe1 Bb7 24. h4 h6 25. a3 Rc8 26. Kh2 Rc5 27.
Rd1 Rc3 28. a4 Rc4 29. a5 bxa5 30. g3 Rb4 31. Ra1 Rb5 32. Rd1 a4 33. Ra1 Ra5 34.
Ra3 Bxd5 35. Bxd5 Rxd5 36. Rxa4 a5 37. Kg2 h5 38. Kf3 Re5 39. Kf4 Ke6 40. f3 Kd7
41. g4 Kc6 42. g5 Rc5 43. Rd4 Rb5 44. Rc4+ Kd7 45. Kg3 Rb4 46. Rc2 a4 47. Ra2
Rc4 48. Ra3 d5 49. Re3 Rb4 50. Ra3 Kd6 51. Re3 Rb8 52. Ra3 Ra8 53. Kf4 Ra7 54.
Ke3 Kc5 55. Kd2 Kb4 56. Ra1 a3 57. Rb1+ Kc4 58. Rc1+ Kd4 59. Ra1 a2 60. Kc2 Ke3
0-1

[Event "Druzynowe Mistrzostwa Polski - II liga"]
[Site "Dom Wczasowy VIS Jastrzebia Gora"]
[Date "1899-12-30"]
[Round "9.25"]
[White "Kumala, Aleksander"]
[Black "Paseka, Matyas"]
[Result "0-1"]
[WhiteTitle "CM"]
[BlackTitle ""]
[WhiteElo "2175"]
[BlackElo "2244"]

1. c4 Nf6 2. Nf3 g6 3. g3 Bg7 4. Bg2 O-O 5. O-O d6 6. Nc3 a6 7. d4 Nc6 8. e4 Bg4
9. h3 Bxf3 10. Bxf3 e5 11. dxe5 dxe5 12. Be3 Nd4 13. Bxd4 exd4 14. Nd5 Nd7 15.
Bg2 c6 16. Nb4 Ne5 17. Qb3 Qb6 18. f4 a5 19. Nc2 Qc5 20. Na3 a4 21. Qc2 Ng4 22.
Qd3 Ne3 23. Rf2 Rfd8 24. e5 f6 25. exf6 Bxf6 26. Be4 Kg7 27. h4 0-1

[Event "Druzynowe Mistrzostwa Polski - II liga"]
[Site "Dom Wczasowy VIS Jastrzebia Gora"]
[Date "1899-12-30"]
[Round "9.26"]
[White "Denderski, Piotr"]
[Black "Cajbel, Maciej"]
[Result "1-0"]
[WhiteTitle "k"]
[BlackTitle "k"]
[WhiteElo "2246"]
[BlackElo "2196"]

1. d4 Nf6 2. c4 c5 3. d5 e6 4. Nc3 exd5 5. cxd5 d6 6. e4 g6 7. Bd3 Bg7 8. Nge2
O-O 9. O-O Re8 10. Ng3 Na6 11. h3 Nc7 12. f4 Rb8 13. a4 a6 14. Qf3 Nd7 15. e5
dxe5 16. f5 e4 17. Bxe4 Ne5 18. Qf2 Nd3 19. Qc2 Nxc1 20. Raxc1 Qd6 21. Ra1 Qd8
22. Rac1 Qd6 1-0

[Event "Druzynowe Mistrzostwa Polski - II liga"]
[Site "Dom Wczasowy VIS Jastrzebia Gora"]
[Date "1899-12-30"]
[Round "9.27"]
[White "Kasperek, Ryszard"]
[Black "Kaliszuk, Kamil"]
[Result "1/2-1/2"]
[WhiteTitle "m"]
[BlackTitle "k"]
[WhiteElo "2083"]
[BlackElo "2067"]

1. e4 e5 2. Nf3 Nc6 3. Bb5 a6 4. Ba4 Nf6 5. O-O Be7 6. Re1 b5 7. Bb3 d6 8. c3 O-O
9. h3 Nb8 10. d4 Nbd7 11. Nbd2 Bb7 12. Bc2 c5 13. Nf1 Re8 14. dxe5 dxe5 15. Ng3
g6 16. Nh2 1/2-1/2

[Event "Druzynowe Mistrzostwa Polski - II liga"]
[Site "Dom Wczasowy VIS Jastrzebia Gora"]
[Date "1899-12-30"]
[Round "9.28"]
[White "Bednarski, Dawid"]
[Black "Puczylowski, Marcin"]
[Result "0-1"]
[WhiteTitle "I+"]
[BlackTitle "k"]
[WhiteElo "1989"]
[BlackElo "2106"]

1. e4 e5 2. Nc3 Nc6 3. f4 exf4 4. Nf3 d6 5. d4 g5 6. Bc4 Bg4 7. O-O Bg7 8. Ne2
Qe7 9. d5 Bxf3 10. gxf3 Ne5 11. Bb5+ Nd7 12. Kh1 a6 13. Ba4 Be5 14. c4 Ngf6 15.
Bd2 Kf8 16. Bc2 h5 17. Rg1 Ne8 18. Rc1 a5 19. a3 Rg8 20. b4 axb4 21. axb4 b6 22.
Qf1 Ra3 23. Rb1 f6 24. Bc1 Ra2 25. Bb3 Ra8 26. Qd1 Ng7 27. Ba4 Kf7 28. Bc2 Nf8
29. Qf1 Ng6 30. Bd2 Ra2 31. Qd1 Nh4 32. Rf1 Rga8 33. Be1 Ng6 34. Bf2 R8a3 35.
Bb3 Ra1 36. Qc2 Rxb1 37. Rxb1 Qd7 38. Qc1 Ra8 39. c5 g4 40. Ng1 bxc5 41. bxc5
f5 42. cxd6 Bxd6 43. Bd4 fxe4 44. fxe4 Qe7 45. e5 Nxe5 46. Qxf4+ Qf6 47. Bxe5
Bxe5 48. d6+ Kg6 49. Bc2+ Nf5 50. Qe4 Ra2 51. d7 0-1

[Event "Druzynowe Mistrzostwa Polski - II liga"]
[Site "Dom Wczasowy VIS Jastrzebia Gora"]
[Date "1899-12-30"]
[Round "9.29"]
[White "Kasperek, Joanna"]
[Black "Orlik, Sandra"]
[Result "1/2-1/2"]
[WhiteTitle "k++"]
[BlackTitle "I++"]
[WhiteElo "2031"]
[BlackElo "1840"]

1. e4 c5 2. Nf3 Nc6 3. Bb5 Qc7 4. O-O Nf6 5. Re1 g6 6. c3 Bg7 7. d4 cxd4 8. cxd4
O-O 9. Nc3 a6 10. Ba4 b5 11. Bb3 d6 12. h3 b4 13. Nd5 Nxd5 14. Bxd5 Bb7 15. Bg5
h6 16. Bf4 1/2-1/2

[Event "Druzynowe Mistrzostwa Polski - II liga"]
[Site "Dom Wczasowy VIS Jastrzebia Gora"]
[Date "1899-12-30"]
[Round "9.31"]
[White "Kokoszczynski, Jan"]
[Black "Chmiel, Marcin"]
[Result "1-0"]
[WhiteTitle "FM"]
[BlackTitle "k+"]
[WhiteElo "2313"]
[BlackElo "2188"]

1. d4 d5 2. c4 c6 3. cxd5 cxd5 4. Bf4 Nf6 5. e3 Nc6 6. Nc3 a6 7. Bd3 Bg4 8. Nge2
e6 9. O-O Bd6 10. f3 Bh5 11. Bxd6 Qxd6 12. Nf4 Bg6 13. Rc1 Bxd3 14. Nxd3 O-O 15.
Na4 Rac8 16. Qd2 e5 17. dxe5 Nxe5 18. Nxe5 Qxe5 19. Qd4 Qe7 20. Nb6 Rcd8 21. Rc3
Rfe8 22. Rd1 h5 23. Rdd3 Rd6 24. Nc8 1-0

[Event "Druzynowe Mistrzostwa Polski - II liga"]
[Site "Dom Wczasowy VIS Jastrzebia Gora"]
[Date "1899-12-30"]
[Round "9.32"]
[White "Gbyl, Andrzej"]
[Black "Duch, Mariusz"]
[Result "1-0"]
[WhiteTitle "k+"]
[BlackTitle "k+"]
[WhiteElo "2144"]
[BlackElo "2194"]

1. d4 d6 2. Nf3 f5 3. Nc3 Nf6 4. Bg5 Nbd7 5. Qd3 e6 6. e4 fxe4 7. Nxe4 Be7 8. h4
d5 9. Nxf6+ gxf6 10. Bf4 c5 11. Qe3 Qb6 12. O-O-O cxd4 13. Nxd4 e5 14. Nf5 Qxe3+
15. Bxe3 d4 16. Nxe7 Kxe7 17. Bd2 Nc5 18. Bb4 b6 19. f4 a5 20. Ba3 Bg4 21. Re1
Kd6 22. Bd3 Rae8 23. Rhf1 h5 24. fxe5+ fxe5 25. Kd2 Rhf8 26. c3 Kd5 27. Bg6 Rxf1
28. Rxf1 Rd8 29. Rf6 Ne4+ 30. Bxe4+ Kxe4 31. Rxb6 dxc3+ 32. Kxc3 Rd3+ 33. Kc4
Rg3 34. Kb5 Rxg2 35. Kxa5 Kd3 36. Bc5 e4 37. a4 Bd1 38. Rd6+ Ke2 39. b4 Rg4 40.
b5 e3 41. Bb4 Bc2 42. b6 Be4 43. Re6 Kf3 44. Be1 e2 45. Rxe4 Rxe4 46. b7 Re8 47.
Kb6 Kg2 48. Ka7 Kf1 49. Bb4 e1=Q 50. Bxe1 Kxe1 51. b8=Q Rxb8 52. Kxb8 1-0

[Event "Druzynowe Mistrzostwa Polski - II liga"]
[Site "Dom Wczasowy VIS Jastrzebia Gora"]
[Date "1899-12-30"]
[Round "9.33"]
[White "Flak, Pawel"]
[Black "Golda, Sebastian"]
[Result "0-1"]
[WhiteTitle "k+"]
[BlackTitle "k"]
[WhiteElo "2190"]
[BlackElo "2105"]

1. d4 Nf6 2. c4 Nc6 3. Nc3 e5 4. Nf3 exd4 5. Nxd4 Bc5 6. e3 O-O 7. Be2 Qe7 8. O-O
Re8 9. Nb3 Bb4 10. Nb5 Qd8 11. a3 Bf8 12. N3d4 Ne5 13. Nf3 Nfg4 14. Nbd4 d6 15.
h3 Nxf3+ 16. Nxf3 Ne5 17. Nd4 Qh4 18. f4 Nd7 19. Nb5 Qd8 20. Bf3 g6 21. b4 Bg7
22. Rb1 a6 23. Nd4 Nb6 24. Qd3 c5 25. Nb3 Bf5 26. e4 Be6 27. Na5 Bd4+ 28. Be3
Bxe3+ 29. Qxe3 Nxc4 30. Nxc4 Bxc4 31. Rfc1 b5 32. bxc5 dxc5 33. Qxc5 Qd2 34. Qg5
Bd3 35. e5 Bxb1 36. Rxb1 Rac8 37. Kh2 Rc4 38. Kg3 Rc2 39. Kh2 Qd3 40. Qg4 h5 41.
Qg3 Rxg2+ 42. Bxg2 Qxb1 43. Qe3 Qf5 44. Be4 Qe6 45. Qd4 Kg7 46. Kg3 Rc8 47. Bd3
h4+ 48. Kf2 Rc1 49. Qd8 Rh1 50. Bf1 Qa2+ 51. Be2 Rh2+ 52. Kg1 Qxe2 53. Qf6+ Kg8
54. Qd8+ Kh7 55. Qxh4+ Qh5 56. Qxh5+ gxh5 57. Kxh2 a5 58. f5 b4 59. axb4 axb4
60. Kg3 b3 61. e6 fxe6 62. fxe6 Kg6 63. Kf4 Kf6 64. e7 Kxe7 65. Ke3 b2 66. Kd4
0-1

[Event "Druzynowe Mistrzostwa Polski - II liga"]
[Site "Dom Wczasowy VIS Jastrzebia Gora"]
[Date "1899-12-30"]
[Round "9.35"]
[White "Panek, Bartosz"]
[Black "Golenia, Wojciech"]
[Result "0-1"]
[WhiteTitle "k"]
[BlackTitle "k+"]
[WhiteElo "2179"]
[BlackElo "2175"]

1. e4 e5 2. Nc3 Nf6 3. Nf3 Nc6 4. a3 d5 5. Bb5 d4 6. Ne2 Bd6 7. Bxc6+ bxc6 8. d3
O-O 9. O-O c5 10. Nd2 Nd7 11. Ng3 Nb6 12. Qh5 g6 13. Qh6 Re8 14. Nf3 Bf8 15. Qh4
Qxh4 16. Nxh4 c4 17. f4 cxd3 18. cxd3 Ba6 19. Rd1 Nd7 20. Nf3 f6 21. fxe5 fxe5
22. b4 c5 23. Bg5 Re6 24. bxc5 Nxc5 25. Ne1 Rb8 26. Rab1 Rxb1 27. Rxb1 h6 28.
Bd2 Rb6 29. Rxb6 axb6 30. Bb4 Nxd3 31. Nxd3 Bxd3 32. Bxf8 Kxf8 33. Kf2 Ke7 34.
Ke1 Kd6 35. Kd2 Bb5 36. Nh1 Bf1 37. g3 h5 38. Nf2 Kc5 39. g4 Kb5 40. Kc2 Ka4 41.
Kb2 b5 42. gxh5 gxh5 43. Nh1 d3 44. Ng3 Be2 45. Kc1 0-1

[Event "Druzynowe Mistrzostwa Polski - II liga"]
[Site "Dom Wczasowy VIS Jastrzebia Gora"]
[Date "1899-12-30"]
[Round "9.36"]
[White "Golenia, Jan"]
[Black "Bilczewski, Kacper"]
[Result "1-0"]
[WhiteTitle "k"]
[BlackTitle "k+"]
[WhiteElo "2113"]
[BlackElo "2103"]

1. d4 d5 2. c4 e6 3. Nf3 Nf6 4. g3 dxc4 5. Bg2 Bb4+ 6. Bd2 a5 7. Qc2 b5 8. a4 c6
9. axb5 Bxd2+ 10. Nfxd2 Qxd4 11. Qxc4 Qb6 12. Nc3 Ra7 13. bxc6 O-O 14. Qb5 Qc7
15. Nb3 Nd5 16. Nxd5 exd5 17. Bxd5 Bh3 18. Ra4 Re8 19. Rh4 Be6 20. Bf3 Nxc6 21.
Qxc6 Qb8 22. Nc5 Rc8 23. Qe4 Qb6 24. b3 Qxb3 25. Qg6 Qb2 26. Qxh7+ Kf8 27. Nxe6+
1-0

[Event "Druzynowe Mistrzostwa Polski - II liga"]
[Site "Dom Wczasowy VIS Jastrzebia Gora"]
[Date "1899-12-30"]
[Round "9.37"]
[White "Samborski, Henryk"]
[Black "Krawczyk, Wojciech"]
[Result "1-0"]
[WhiteTitle "k"]
[BlackTitle "I++"]
[WhiteElo "2021"]
[BlackElo "1973"]

1. Nf3 Nf6 2. g3 g6 3. Bg2 Bg7 4. O-O O-O 5. d4 d5 6. c4 c6 7. Nc3 dxc4 8. a4 Nd5
9. Bd2 Nd7 10. a5 Nxc3 11. Bxc3 Nf6 12. Ne5 1-0

[Event "Druzynowe Mistrzostwa Polski - II liga"]
[Site "Dom Wczasowy VIS Jastrzebia Gora"]
[Date "1899-12-30"]
[Round "9.38"]
[White "Cichon, Jakub"]
[Black "Radecki, Adam"]
[Result "1-0"]
[WhiteTitle "I+"]
[BlackTitle "I+"]
[WhiteElo "1940"]
[BlackElo "1989"]

1. e4 d6 2. d4 Nf6 3. Nc3 e5 4. Nf3 Nbd7 5. Bc4 Be7 6. a4 O-O 7. O-O a5 8. Re1
c6 9. h3 Qb6 10. Be3 Qc7 11. Ba2 Rb8 12. Qd3 exd4 13. Bxd4 Ne5 14. Qe3 b5 15.
Bxe5 dxe5 16. Bb3 b4 17. Ne2 Nd7 18. Ng3 Nc5 19. Bc4 Ne6 20. Nf5 Bc5 21. Qb3 Nf4
22. Rad1 Be6 23. Ng5 Bxc4 24. Qxc4 Qa7 25. Rd2 Rbd8 26. Rxd8 Bxf2+ 27. Kh1 Rxd8
28. Rf1 Bb6 29. g3 h6 30. gxf4 hxg5 31. fxg5 Qd7 32. g6 Rf8 33. Qb3 Bc5 34. h4
Kh8 35. h5 Qd2 36. h6 1-0